000 00889nam a22003017a 4500
003 CHAP
005 20220817043916.0
008 030924d2003 it rn 00110 spa d
010 _a87731
011 _a88703
020 _a9251049106
035 _a99248
040 _cCHAP
082 0 4 _a634.9
_bF3 v.141
110 2 _aFAO
245 1 0 _aForestry outlook study for Africa :
_bregional report - opportunities and challenges towards 2020
_c/by FAO
260 _aRome :
_bFAO,
_c2003.
300 _a66 p. p. :
490 0 _aFAO. Montes
_v; 141
590 _aBATCH-UPD
_b10
_c20130110
_lUCH01
_h0849
590 _aCONVERSION
_b10
_c20130109
_lUCH01
_h1349
650 1 4 _aBosques
_xAfrica.
_914045
830 0 _aFAO. Montes
_v; 141
_939632
901 _aBK
905 _aAlejandra Carrasco M.
942 _cLIBRO
949 _a634.9 F3
_bBC
_cFAO
_d33724000892121
_eFAO1
_fv.141
_h103986
_i99248
_sb
999 _c87731
_d87731